The Witcher Quiz - Netflix Season One - Statistics

General Stats
  • This quiz has been taken 67 times
  • The average score is 13 of 30
Answer Stats
Hint Answer % Correct
What is the name of Geralt's horse? Roach
91%
What species is Dara? Elf
79%
Where is Yennefer from? Vengerberg
73%
What monstrous curse afflicts the daughter of King Foltest? Striga
70%
How much does Tissaia buy Yennefer for? Four Marks
66%
Who does Geralt have visions of after being bitten by a Ghoul? His Mother, Visenna
64%
What nickname is given to Queen Calanthe? Lioness of Cintra
64%
What monster does Geralt fight in the opening scene of episode one? Kikimore
63%
What is the (believed) name of the knight who marries Pavetta? Lord Urcheon of Erlenwald
55%
What is the name of the Druid of Skellige that helps raise Ciri? Mousesack
55%
What is the name of the mage of Temeria? Triss Merigold
52%
What is Borch? Golden Dragon
48%
What does Geralt seek to help him sleep in the episode "Bottled Appetites"? Djinn
46%
What is the name of the Witcher with whom his mother left him? Vesemir
46%
What does Dara stop Ciri from eating, as it could kill her? Poisonous Berries
45%
What happens to Annika? Turned into an Eel
43%
Where do Ciri and Dara end up after Ciri follows voices? Brokilon Forest
38%
Which Kingdom did Yennefer become a mage in? Aedirn
36%
Who is nicknamed "King of the Elves" Filavandrel
36%
What is the name of the alderman's daughter in Blaviken? Marilka
36%
Who is the mother of the above answer? Adda
32%
What is the name of the leader of the dwarf company seeking the Dragon? Yarpen Zigrin
32%
What is the last line of the last episode of the Witcher Season One? Who is Yennefer?
29%
What was Geralt's first (accidental) wish? Peace
25%
What are the names of the horses owned by the woman who eventually takes Ciri in? Clip and Clop
18%
What are the names of the warrior women who protech Borch? Tea and Vea
18%
What incantation is used to lift the stone in the first lesson at Aretuza? Zeilil Eip
16%
What is the name of the sentient 'monster' that steals food for the elves? Torque
11%
What does the incantation "Vond Aquitha" do? Open Portals
9%
What does Renfri use to kill the thug Stregobor hired to kill her? Her Mother's Broche
7%
No matching quizzes found
Score Distribution
Percent of People with Each Score
Percentile by Number Answered
Your Score History
You have not taken this quiz